[Event "CHN Team Women 2016"]
[Site "Wuxi CHN"]
[Date "2016.07.30"]
[Round "4.3"]
[Board "3"]
[White "Liu, Hongyan"]
[Black "Zhang, Yuxuan"]
[Result "1-0"]
[WhiteElo "2071"]
[BlackElo "1864"]
[WhiteTeam "Tianjing Chunhua"]
[BlackTeam "Shanxi Huxiaoling"]
[WhiteFideId "8604789"]
[BlackFideId "8610908"]
[EventDate "2016.07.28"]

1. d4 Nf6 2. Bf4 g6 3. Nf3 Bg7 4. e3 d5 5. h3 Bf5 6. Bd3 Be4 7. Nc3 c6 8. O-O
Nbd7 9. Bxe4 Nxe4 10. Nxe4 dxe4 11. Ng5 Nf6 12. Be5 Qd5 13. b3 O-O 14. c4 Qa5
15. Qc2 Rfe8 16. c5 b6 17. Bxf6 exf6 18. Nxe4 f5 19. Nd6 Re6 20. Rad1 Bf8 21.
Nc4 Qa6 22. b4 Rae8 23. a4 f4 24. exf4 Re4 25. Ne5 Rxf4 26. Rfe1 bxc5 27. bxc5
Rd8 28. Re4 Rxe4 29. Qxe4 Qxa4 30. Qf3 f6 31. Nxc6 Rc8 32. d5 Bxc5 33. Rc1 Bd6
34. Qxf6 Qa3 35. Ne7+ Bxe7 36. Rxc8+ Bf8 37. d6 1-0

[Event "CHN Team Women 2016"]
[Site "Wuxi CHN"]
[Date "2016.07.30"]
[Round "4.4"]
[Board "1"]
[White "Ren, Xiaoyi"]
[Black "Ding, Yixin"]
[Result "1/2-1/2"]
[BlackTitle "WGM"]
[WhiteElo "2202"]
[BlackElo "2421"]
[WhiteTeam "Chengdu"]
[BlackTeam "Zhejiang Feiao"]
[WhiteFideId "8608709"]
[BlackFideId "8602972"]
[EventDate "2016.07.28"]

1. d4 Nf6 2. c4 e6 3. g3 d5 4. Bg2 dxc4 5. Nf3 Bd7 6. Ne5 Bc6 7. Nxc6 Nxc6 8.
Qa4 Qd7 9. Qxc4 Nxd4 10. O-O c5 11. Nc3 Rd8 12. a4 Nd5 13. Be3 Nxc3 14. bxc3 Nc2
15. Bg5 Nxa1 16. Bxd8 Qxd8 17. Rxa1 Bd6 18. Qb5+ Qd7 19. Bxb7 Ke7 20. Bc6 Qc7
21. Bf3 h6 22. Qc4 Rb8 23. Bh5 Qb7 24. Qh4+ Kf8 25. Rd1 Qc7 26. Qc4 Be7 27. Rd3
Rd8 28. Rxd8+ Bxd8 29. Qe4 Bf6 30. Qa8+ Bd8 31. e3 g6 32. Be2 Kg7 33. Bb5 1/2-1/2

[Event "CHN Team Women 2016"]
[Site "Wuxi CHN"]
[Date "2016.07.30"]
[Round "4.4"]
[Board "2"]
[White "Qiu, Mengjie"]
[Black "Nie, Xin"]
[Result "1/2-1/2"]
[WhiteTitle "WFM"]
[WhiteElo "2231"]
[BlackElo "2078"]
[WhiteTeam "Zhejiang Feiao"]
[BlackTeam "Chengdu"]
[WhiteFideId "8606137"]
[BlackFideId "8605610"]
[EventDate "2016.07.28"]

1. e4 e5 2. Nf3 Nc6 3. Bb5 a6 4. Ba4 Nf6 5. O-O Be7 6. d3 b5 7. Bb3 d6 8. a4 Bd7
9. Bd2 b4 10. a5 Rb8 11. Bc4 Qc8 12. c3 bxc3 13. bxc3 O-O 14. Be3 Be6 15. Qa4
Bxc4 16. Qxc4 Qd7 17. Nbd2 Rb5 18. Rfb1 Rfb8 19. Rxb5 Rxb5 20. d4 Nxe4 21. Nxe4
d5 22. Qd3 f5 23. Nc5 Bxc5 24. Nxe5 Nxe5 25. dxe5 Qe6 26. f4 Qc6 27. Kh1 Bxe3
28. Qxe3 Qc4 29. h3 Qe4 30. Qd2 Rb1+ 31. Rxb1 Qxb1+ 32. Kh2 Qe4 33. Qd4 Kf7 34.
Kg3 Qe1+ 35. Kf3 Qf1+ 36. Kg3 Qe1+ 1/2-1/2

[Event "CHN Team Women 2016"]
[Site "Wuxi CHN"]
[Date "2016.07.30"]
[Round "4.4"]
[Board "3"]
[White "Li, Yunshan"]
[Black "Zhu, Jiner"]
[Result "0-1"]
[WhiteTitle "WFM"]
[WhiteElo "2045"]
[BlackElo "2177"]
[WhiteTeam "Chengdu"]
[BlackTeam "Zhejiang Feiao"]
[WhiteFideId "8607664"]
[BlackFideId "8608059"]
[EventDate "2016.07.28"]

1. d4 Nf6 2. c4 g6 3. Nc3 Bg7 4. e4 d6 5. Nf3 O-O 6. Be2 Na6 7. O-O e5 8. Be3
Ng4 9. Bg5 Qe8 10. dxe5 Nxe5 11. Nxe5 dxe5 12. Be3 c6 13. b4 Qe7 14. a3 f5 15.
f3 f4 16. Bf2 Be6 17. c5 Rfd8 18. Qa4 Qf7 19. Rab1 Bc4 20. Qc2 Nc7 21. b5 Nxb5
22. Nxb5 cxb5 23. Bxc4 bxc4 24. Rb4 Rd3 25. a4 a5 26. Rxc4 Rad8 27. c6 bxc6 28.
Rxc6 Qb3 29. Qxb3+ Rxb3 30. Ra6 Rb2 31. Rxa5 Rdd2 32. Rb5 Ra2 33. a5 Kf7 34.
Rb7+ Kg8 35. Rb8+ Bf8 36. a6 Kg7 37. a7 Rxf2 38. Rc1 Rxg2+ 39. Kh1 Rxh2+ 40. Kg1
Bc5+ 41. Rxc5 Rhd2 42. Rb7+ Kf6 43. Rc1 h5 44. Rh7 Kg5 45. Rg7 h4 46. Rh7 Rg2+
47. Kh1 Rh2+ 48. Kg1 h3 0-1

[Event "CHN Team Women 2016"]
[Site "Wuxi CHN"]
[Date "2016.07.30"]
[Round "4.5"]
[Board "1"]
[White "Xu, Fei"]
[Black "Li, Xueyi"]
[Result "0-1"]
[WhiteElo "1937"]
[BlackElo "2176"]
[WhiteTeam "Heilongjiang Qipai"]
[BlackTeam "Guangdong"]
[WhiteFideId "8606099"]
[BlackFideId "8605912"]
[EventDate "2016.07.28"]

1. e4 c5 2. Nf3 d6 3. d4 cxd4 4. Qxd4 Nc6 5. Bb5 Bd7 6. Bxc6 Bxc6 7. Nc3 Nf6 8.
Bg5 e6 9. O-O-O Be7 10. Qd3 O-O 11. Nd4 Rc8 12. h4 a6 13. Rhg1 b5 14. Nxc6 Rxc6
15. g4 Qa5 16. Kb1 Rfc8 17. Bd2 b4 18. Ne2 Rxc2 19. Nd4 R2c4 20. g5 Nh5 21. f4
Bf8 22. f5 exf5 23. exf5 Qe5 24. Rg4 g6 25. f6 a5 26. Re4 Qg3 27. Qe2 d5 28. Rg4
Qc7 29. Qf3 a4 30. Be3 a3 31. Qxd5 Rxd4 32. Qxd4 Qc2+ 0-1

[Event "CHN Team Women 2016"]
[Site "Wuxi CHN"]
[Date "2016.07.30"]
[Round "4.5"]
[Board "2"]
[White "Liu, Manli"]
[Black "Hu, Yu A."]
[Result "1/2-1/2"]
[WhiteElo "2035"]
[BlackElo "1934"]
[WhiteTeam "Guangdong"]
[BlackTeam "Heilongjiang Qipai"]
[WhiteFideId "8608121"]
[BlackFideId "8609993"]
[EventDate "2016.07.28"]

1. e4 c5 2. Nf3 d6 3. d4 cxd4 4. Nxd4 Nf6 5. Nc3 g6 6. Be3 Bg7 7. Be2 Nc6 8. O-O
O-O 9. h3 Bd7 10. Nb3 Rc8 11. f4 a6 12. a4 Qc7 13. a5 Be6 14. Nd5 Bxd5 15. exd5
Nb8 16. c3 Nbd7 17. Bd4 e5 18. dxe6 fxe6 19. Bf3 Rcd8 20. Qc2 e5 21. fxe5 dxe5
22. Bf2 Rfe8 23. Rfe1 Re6 24. Re2 Rde8 25. Rae1 Qc4 26. Nd2 Qb5 27. Ne4 Nxe4 28.
Bxe4 Nf6 29. Bf3 Qxa5 30. Bxb7 Qb5 31. Bf3 1/2-1/2

[Event "CHN Team Women 2016"]
[Site "Wuxi CHN"]
[Date "2016.07.30"]
[Round "4.5"]
[Board "3"]
[White "Jiang, Zhaoyi"]
[Black "Chen, Junping"]
[Result "1-0"]
[WhiteTitle "WCM"]
[WhiteElo "1835"]
[BlackElo "1817"]
[WhiteTeam "Heilongjiang Qipai"]
[BlackTeam "Guangdong"]
[WhiteFideId "8611050"]
[BlackFideId "8607001"]
[EventDate "2016.07.28"]

1. d4 Nf6 2. Nf3 g6 3. c4 Bg7 4. Nc3 d6 5. e4 O-O 6. Be2 e5 7. d5 a5 8. Bg5 h6
9. Bh4 Na6 10. Nd2 Qe8 11. a3 Bd7 12. b3 Nh7 13. Rb1 h5 14. f3 Bh6 15. O-O Be3+
16. Bf2 Bxf2+ 17. Rxf2 Qe7 18. b4 axb4 19. axb4 f5 20. c5 dxc5 21. b5 Nb4 22.
Nc4 fxe4 23. fxe4 Rxf2 24. Kxf2 Rd8 25. Kg1 b6 26. d6 cxd6 27. Nxb6 Be6 28. Nbd5
Nxd5 29. Nxd5 Bxd5 30. Qxd5+ Kg7 31. Bc4 Nf6 32. Qc6 Qd7 33. Bd5 Qxc6 34. Bxc6
Nd7 35. b6 Nb8 36. Bd5 Rf8 37. Ra1 Kf6 38. Kf2 Nd7 39. Ra6 Ke7+ 40. Ke2 Rb8 41.
b7 Rf8 42. Rc6 Nb8 43. Rc7+ Kd8 44. Rg7 Rf6 45. Rg8+ Kc7 46. Rc8+ Kb6 47. Rxb8
c4 48. Rc8 1-0

[Event "CHN Team Women 2016"]
[Site "Wuxi CHN"]
[Date "2016.07.30"]
[Round "4.6"]
[Board "1"]
[White "Du, Yuxin"]
[Black "Ning, Kaiyu"]
[Result "1/2-1/2"]
[WhiteElo "2086"]
[BlackElo "1820"]
[WhiteTeam "Shenzhen Qiyuan"]
[BlackTeam "Henan Qixie"]
[WhiteFideId "8610282"]
[BlackFideId "8614750"]
[EventDate "2016.07.28"]

1. e4 e6 2. d4 d5 3. exd5 exd5 4. Nf3 Bd6 5. c4 Nf6 6. Nc3 O-O 7. c5 Re8+ 8. Be2
Bf8 9. Bg5 c6 10. O-O h6 11. Bh4 Bf5 12. Bd3 Bxd3 13. Qxd3 Na6 14. Rfe1 Rxe1+
15. Rxe1 Nc7 16. b4 Ne6 17. b5 Be7 18. bxc6 bxc6 19. Bg3 Qc8 20. h3 Nh5 21. Be5
Bf6 22. Bd6 Nhf4 23. Qd2 Ng6 24. Ne2 Bg5 25. Qc2 Bf6 26. Rb1 Qa6 27. Qd2 Bg5 28.
Nxg5 Nxg5 29. f3 Re8 30. Kf2 Nh4 31. Ng3 Qc4 32. Rb4 Qa6 33. Rb3 Qa4 34. Rb4 Qa6
35. Rb3 Qa4 36. Rb4 Qa6 37. Rb3 1/2-1/2

[Event "CHN Team Women 2016"]
[Site "Wuxi CHN"]
[Date "2016.07.30"]
[Round "4.6"]
[Board "2"]
[White "Cai, Youyang"]
[Black "Xu, Yuze"]
[Result "0-1"]
[WhiteElo "1791"]
[BlackElo "1820"]
[WhiteTeam "Henan Qixie"]
[BlackTeam "Shenzhen Qiyuan"]
[WhiteFideId "8616930"]
[BlackFideId "8614466"]
[EventDate "2016.07.28"]

1. e4 c5 2. Nf3 Nc6 3. d4 cxd4 4. Nxd4 g6 5. c4 Nf6 6. Nc3 Nxd4 7. Qxd4 d6 8.
Be2 Bg7 9. Qd3 a5 10. O-O O-O 11. Be3 a4 12. Rac1 Bd7 13. Bd4 Bc6 14. Nd5 Nd7
15. Bxg7 Kxg7 16. Qd4+ e5 17. Qe3 Bxd5 18. cxd5 Nc5 19. f4 f6 20. h4 Qb6 21. Rc2
Qb4 22. Bc4 Qb6 23. Kh1 Qd8 24. f5 Qe8 25. Rf3 Qf7 26. Rg3 Rg8 27. Rf2 Kf8 28.
fxg6 Rxg6 29. Rgf3 Ke7 30. Be2 Rf8 31. Rf5 Qg7 32. g4 Qh6 33. g5 Qxh4+ 34. Rh2
Qxe4+ 35. Qxe4 Nxe4 36. Rxh7+ Rf7 37. gxf6+ Rxf6 38. Rxf7+ Kxf7 39. Rxf6+ Kxf6
40. Bb5 Nc5 41. Kg2 e4 42. Kf2 Ke5 43. Bc4 Kd4 44. b3 axb3 45. axb3 Nd3+ 46. Ke2
Nf4+ 0-1

[Event "CHN Team Women 2016"]
[Site "Wuxi CHN"]
[Date "2016.07.30"]
[Round "4.6"]
[Board "3"]
[White "Wan, Qian"]
[Black "Bai, Xue"]
[Result "1/2-1/2"]
[WhiteElo "1637"]
[BlackElo "1762"]
[WhiteTeam "Shenzhen Qiyuan"]
[BlackTeam "Henan Qixie"]
[WhiteFideId "8614296"]
[BlackFideId "8608717"]
[EventDate "2016.07.28"]

1. e4 e5 2. Nf3 Nc6 3. Bb5 a6 4. Ba4 Nf6 5. d3 b5 6. Bb3 Be7 7. O-O d6 8. c3 O-O
9. Re1 Na5 10. Bc2 c5 11. h3 h6 12. d4 Qc7 13. Nbd2 Bd7 14. Nf1 cxd4 15. cxd4
Nc6 16. Ne3 Rac8 17. a3 Rfe8 18. d5 Na5 19. Bd2 Nc4 20. Nxc4 Qxc4 21. Rc1 Qc7
22. Bd3 Qb7 23. Qb3 Rb8 24. Rc2 Rec8 25. Rec1 Rxc2 26. Rxc2 Rc8 27. Rxc8+ Qxc8
28. Qc3 Qxc3 29. Bxc3 Bd8 30. Nd2 Kf8 31. Kf1 Nh5 32. Bb4 Bc7 33. Nf3 Ke8 34.
Bd2 f5 35. Nh2 fxe4 36. Bxe4 Nf6 37. f3 Bc8 38. Ng4 Ng8 39. Ne3 Ne7 40. g4 Bb7
41. Nf5 Nxf5 42. gxf5 Kd7 43. Kg2 Bc8 44. Be1 Bb6 45. Bb4 Ke7 46. Be1 1/2-1/2

[Event "CHN Team Women 2016"]
[Site "Wuxi CHN"]
[Date "2016.07.30"]
[Round "4.7"]
[Board "1"]
[White "Yao, Lan"]
[Black "Xie, Libeilei"]
[Result "1-0"]
[WhiteElo "2131"]
[BlackElo "1534"]
[WhiteTeam "Qingdao"]
[BlackTeam "Shaanxi"]
[WhiteFideId "8610835"]
[BlackFideId "8610762"]
[EventDate "2016.07.28"]

1. e4 c5 2. Nf3 d6 3. d4 cxd4 4. Qxd4 Nc6 5. Bb5 Bd7 6. Bxc6 bxc6 7. c4 e5 8.
Qd3 Nf6 9. Nc3 Qc7 10. O-O Be6 11. h3 h6 12. b3 Be7 13. Ba3 O-O 14. Rac1 Rfd8
15. Bb2 Nd7 16. Rfd1 Nc5 17. Qe3 a5 18. Ba3 f6 19. Ne2 Nd7 20. Ng3 Nf8 21. Nf5
Bf7 22. N3h4 c5 23. Qg3 Ne6 24. Nxh6+ Kf8 25. Nxf7 Kxf7 26. Qg6+ Kg8 27. Nf5 Rf8
28. Rc3 Ra6 29. Qg4 Kf7 30. Rg3 Ke8 31. Nxg7+ Nxg7 32. Qxg7 Kd8 33. Qg4 Qc8 34.
Qf3 a4 35. Bc1 Qe6 36. Qc3 Rg8 37. Rxg8+ Qxg8 38. b4 Kc7 39. bxc5 dxc5 40. Rd5
Qe6 41. Ba3 Kc6 42. Qe3 Ra5 43. Bb4 Ra8 44. Bxc5 1-0

[Event "CHN Team Women 2016"]
[Site "Wuxi CHN"]
[Date "2016.07.31"]
[Round "5.1"]
[Board "1"]
[White "Shen, Yang"]
[Black "Ju, Wenjun"]
[Result "1/2-1/2"]
[WhiteTitle "IM"]
[BlackTitle "GM"]
[WhiteElo "2477"]
[BlackElo "2578"]
[WhiteTeam "Jiangsu Lvyang"]
[BlackTeam "Shanghai"]
[WhiteFideId "8603162"]
[BlackFideId "8603006"]
[EventDate "2016.07.28"]

1. d4 Nf6 2. c4 e6 3. Nf3 b6 4. g3 Bb7 5. Bg2 Be7 6. O-O O-O 7. Nc3 Ne4 8. Nxe4
Bxe4 9. Ne1 Bxg2 10. Nxg2 d5 11. Qa4 c5 12. dxc5 Bxc5 13. cxd5 Qxd5 14. Be3 Bxe3
15. Nxe3 Qc6 16. Qd4 Qb5 17. Rfe1 Nc6 18. Qc4 Qxc4 19. Nxc4 Rfd8 20. Red1 Kf8
21. e3 Ke7 22. Kf1 b5 23. Nd2 Nb4 24. Nb3 Rxd1+ 25. Rxd1 Nxa2 26. Ra1 Nb4 27.
Nd4 Nd3 28. Nxb5 Nxb2 29. Rxa7+ Rxa7 30. Nxa7 Nc4 31. Nb5 1/2-1/2

[Event "CHN Team Women 2016"]
[Site "Wuxi CHN"]
[Date "2016.07.31"]
[Round "5.1"]
[Board "2"]
[White "Ni, Shiqun"]
[Black "Guo, Qi"]
[Result "1/2-1/2"]
[WhiteTitle "WGM"]
[BlackTitle "IM"]
[WhiteElo "2389"]
[BlackElo "2417"]
[WhiteTeam "Shanghai"]
[BlackTeam "Jiangsu Lvyang"]
[WhiteFideId "8608466"]
[BlackFideId "8604002"]
[EventDate "2016.07.28"]

1. e4 e5 2. Bc4 Nf6 3. d3 c6 4. Nf3 d5 5. exd5 cxd5 6. Bb3 Bb4+ 7. c3 Bd6 8. O-O
O-O 9. Bg5 Be6 10. Re1 Nbd7 11. Nbd2 h6 12. Bh4 Qc7 13. Rc1 Rac8 14. Bg3 Qb8 15.
c4 Bf5 16. d4 e4 17. Ne5 Nxe5 18. dxe5 Bxe5 19. cxd5 Bxg3 20. hxg3 Rxc1 21. Qxc1
Rc8 22. Qd1 Rd8 23. Qc1 Rc8 24. Qd1 Rd8 25. Qc1 Rc8 26. Qd1 Rd8 27. Qc1 Rc8 28.
Qd1 Rd8 29. Qc1 Rc8 30. Qd1 Rd8 1/2-1/2

[Event "CHN Team Women 2016"]
[Site "Wuxi CHN"]
[Date "2016.07.31"]
[Round "5.1"]
[Board "3"]
[White "Yuan, Ye"]
[Black "Zhang, Xiaowen"]
[Result "1/2-1/2"]
[BlackTitle "WGM"]
[WhiteElo "2175"]
[BlackElo "2364"]
[WhiteTeam "Jiangsu Lvyang"]
[BlackTeam "Shanghai"]
[WhiteFideId "8608415"]
[BlackFideId "8603219"]
[EventDate "2016.07.28"]

1. d4 d5 2. c4 e6 3. Nf3 Nf6 4. g3 dxc4 5. Bg2 Nc6 6. Qa4 Bb4+ 7. Bd2 Nd5 8.
Bxb4 Nxb4 9. O-O Rb8 10. Na3 O-O 11. Qb5 b6 12. Qxc4 Ba6 13. Nb5 Qd5 14. Qxd5
Nxd5 15. a4 Na5 16. Ne5 Rbd8 17. Rac1 Nb3 18. Rcd1 Nb4 19. e3 c5 20. Nd3 Bxb5
21. axb5 a5 22. bxa6 Nxa6 23. dxc5 Naxc5 24. Nxc5 bxc5 25. Rfe1 f6 26. f4 Kf7
27. Kf2 Ke7 28. Ke2 Rb8 29. Be4 h6 30. Bc2 Na5 31. Ra1 Rxb2 32. Rxa5 Rxc2+ 33.
Kd3 Rxh2 34. Ra7+ Kd6 35. Rea1 Rc8 36. R1a6+ Rc6 37. Rxc6+ Kxc6 38. Rxg7 Kd6 39.
e4 h5 40. Rf7 1/2-1/2

[Event "CHN Team Women 2016"]
[Site "Wuxi CHN"]
[Date "2016.07.31"]
[Round "5.2"]
[Board "1"]
[White "Zhao, Xue"]
[Black "Xiao, Yiyi"]
[Result "1-0"]
[WhiteTitle "GM"]
[BlackTitle "WFM"]
[WhiteElo "2510"]
[BlackElo "2292"]
[WhiteTeam "Beijing Beiao"]
[BlackTeam "Tianjing Chunhua"]
[WhiteFideId "8601283"]
[BlackFideId "8606161"]
[EventDate "2016.07.28"]

1. d4 Nf6 2. c4 e6 3. Nf3 Bb4+ 4. Nbd2 O-O 5. a3 Bxd2+ 6. Qxd2 b6 7. e3 Bb7 8.
Be2 d6 9. b3 Nbd7 10. O-O Ne4 11. Qc2 f5 12. Bb2 Qe8 13. b4 Ndf6 14. Ne1 Qg6 15.
f3 Ng5 16. Rd1 Rae8 17. Qc1 Nh5 18. Qc2 Qh6 19. Nd3 Qg6 20. Bc1 f4 21. Ne1 Qh6
22. c5 fxe3 23. c6 Bc8 24. Rd3 Qg6 25. Rxe3 Qf6 26. Bb2 Nh3+ 27. Kh1 N3f4 28.
Bc4 Kh8 29. g4 Nd5 30. Bxd5 Ng3+ 31. hxg3 Qh6+ 32. Kg2 Qxe3 33. Rh1 h6 34. Bc4
Kg8 35. Bd3 e5 36. dxe5 dxe5 37. Bc1 Qd4 38. g5 Re7 39. gxh6 1-0

[Event "CHN Team Women 2016"]
[Site "Wuxi CHN"]
[Date "2016.07.31"]
[Round "5.2"]
[Board "2"]
[White "Zhang, Lanlin"]
[Black "Wang, Jue"]
[Result "1-0"]
[BlackTitle "WGM"]
[WhiteElo "2150"]
[BlackElo "2381"]
[WhiteTeam "Tianjing Chunhua"]
[BlackTeam "Beijing Beiao"]
[WhiteFideId "8608032"]
[BlackFideId "8604070"]
[EventDate "2016.07.28"]

1. e4 c5 2. Nf3 d6 3. d4 cxd4 4. Nxd4 Nf6 5. Nc3 a6 6. Be2 e5 7. Nb3 Be7 8. O-O
O-O 9. Kh1 b6 10. f4 Bb7 11. Bf3 Nbd7 12. a4 Rc8 13. f5 Rxc3 14. bxc3 Nxe4 15.
Qe1 Ndf6 16. Nd2 Nxd2 17. Bxd2 e4 18. Be2 d5 19. Be3 Bd6 20. Rb1 Bc7 21. Qf2 Qd6
22. Bf4 Qxf4 23. Qxf4 Bxf4 24. Rxf4 Nd7 25. c4 dxc4 26. Bxc4 Rc8 27. Rd1 Nf6 28.
Bb3 Kf8 29. Kg1 Ke7 30. Kf2 Rc5 31. g4 h6 32. Ke2 Rc3 33. h4 Rf3 34. Rxf3 exf3+
35. Kf2 Nxg4+ 36. Kg3 h5 37. Bc4 a5 38. Bb5 Kf6 39. Rd6+ Kxf5 40. Rxb6 Be4 41.
Bd3 f2 42. Rb5+ Ke6 43. Bf1 f5 44. c3 Bc6 45. Rxa5 g6 46. Ra6 Kd7 47. a5 Kc7 1-0

[Event "CHN Team Women 2016"]
[Site "Wuxi CHN"]
[Date "2016.07.31"]
[Round "5.2"]
[Board "3"]
[White "Liao, Rui"]
[Black "Liu, Hongyan"]
[Result "0-1"]
[WhiteElo "1837"]
[BlackElo "2071"]
[WhiteTeam "Beijing Beiao"]
[BlackTeam "Tianjing Chunhua"]
[WhiteFideId "8605637"]
[BlackFideId "8604789"]
[EventDate "2016.07.28"]

1. d4 d5 2. c4 e6 3. Nc3 Nf6 4. Nf3 c6 5. e3 Nbd7 6. Bd3 dxc4 7. Bxc4 b5 8. Bd3
Bb7 9. O-O a6 10. e4 b4 11. Na4 c5 12. e5 Nd5 13. Bg5 Qa5 14. Nxc5 Nxc5 15. dxc5
Bxc5 16. Nd2 h6 17. Nb3 Qb6 18. Nxc5 Qxc5 19. Bd2 Qd4 20. Qe2 Qxb2 21. Rab1 Qd4
22. Bb5+ Kf8 23. Bc4 a5 24. a3 g6 25. axb4 axb4 26. Bxb4+ Nxb4 27. Rxb4 Bc6 28.
Rfb1 Ra1 29. h3 Kg7 30. Bd3 Rxb1+ 31. Rxb1 Rd8 32. Bc4 Qc3 33. Bb5 Bxb5 34. Rxb5
Rd2 35. Qf3 Qxf3 36. gxf3 Rd5 37. Rxd5 exd5 0-1

[Event "CHN Team Women 2016"]
[Site "Wuxi CHN"]
[Date "2016.07.31"]
[Round "5.3"]
[Board "1"]
[White "Ding, Yixin"]
[Black "Li, Xueyi"]
[Result "1-0"]
[WhiteTitle "WGM"]
[WhiteElo "2421"]
[BlackElo "2176"]
[WhiteTeam "Zhejiang Feiao"]
[BlackTeam "Guangdong"]
[WhiteFideId "8602972"]
[BlackFideId "8605912"]
[EventDate "2016.07.28"]

1. e4 c6 2. d4 d5 3. Nc3 dxe4 4. Nxe4 Bf5 5. Ng3 Bg6 6. h4 h6 7. f4 e6 8. Nf3
Nd7 9. h5 Bh7 10. Bd3 Bxd3 11. Qxd3 Qc7 12. Bd2 Bd6 13. Ne5 Ngf6 14. O-O-O c5
15. dxc5 Bxe5 16. fxe5 Nxe5 17. Qd4 Ned7 18. c6 Qxc6 19. Bb4 a5 20. Bd6 Rc8 21.
c3 Qd5 22. Qa4 Qg5+ 23. Kb1 Rc6 24. Qd4 Nb6 25. Rhe1 Qd5 26. Qf2 Qb5 27. Nf5 Nc4
28. Nxg7+ Kd7 29. Be5+ Nd5 30. Nf5 Nxe5 31. Rxe5 Kc7 32. Rexd5 exd5 33. Qf4+ Kb6
34. Qd4+ 1-0

[Event "CHN Team Women 2016"]
[Site "Wuxi CHN"]
[Date "2016.07.31"]
[Round "5.3"]
[Board "2"]
[White "Liu, Manli"]
[Black "Qiu, Mengjie"]
[Result "0-1"]
[BlackTitle "WFM"]
[WhiteElo "2035"]
[BlackElo "2231"]
[WhiteTeam "Guangdong"]
[BlackTeam "Zhejiang Feiao"]
[WhiteFideId "8608121"]
[BlackFideId "8606137"]
[EventDate "2016.07.28"]

1. e4 c6 2. d4 d5 3. e5 c5 4. dxc5 e6 5. Be3 Nd7 6. Nf3 Bxc5 7. Bxc5 Nxc5 8. Be2
Qb6 9. Qc1 Bd7 10. O-O Ne7 11. c4 Rc8 12. Nc3 O-O 13. b3 Ne4 14. Qc2 Bc6 15. Bd3
Nxc3 16. Qxc3 dxc4 17. Bxc4 Ng6 18. Rfe1 Be4 19. Rab1 Qc7 20. Qe3 Bxf3 21. gxf3
Rfd8 22. f4 Nh4 23. Bd3 Qc3 24. Rbc1 Qb4 25. Rxc8 Rxc8 26. Rc1 Rxc1+ 27. Qxc1 g5
28. fxg5 Qg4+ 29. Kf1 Qh3+ 30. Ke2 Qf3+ 31. Kd2 Qxf2+ 32. Kc3 Qc5+ 33. Kb2 Qxe5+
34. Kb1 Qxh2 35. Qc8+ Kg7 36. Qxb7 Qg1+ 37. Kc2 Qg2+ 38. Qxg2 Nxg2 39. b4 Ne1+
40. Kc3 Nxd3 41. Kxd3 f5 42. gxf6+ Kxf6 43. Ke4 Ke7 44. Ke5 h5 45. Kf4 Kd6 46.
Kg5 Kc6 47. Kxh5 Kb5 48. Kg5 Kxb4 49. Kf6 Ka3 50. Kxe6 Kxa2 0-1

[Event "CHN Team Women 2016"]
[Site "Wuxi CHN"]
[Date "2016.07.31"]
[Round "5.3"]
[Board "3"]
[White "Zhu, Jiner"]
[Black "Chen, Junping"]
[Result "1-0"]
[WhiteElo "2177"]
[BlackElo "1817"]
[WhiteTeam "Zhejiang Feiao"]
[BlackTeam "Guangdong"]
[WhiteFideId "8608059"]
[BlackFideId "8607001"]
[EventDate "2016.07.28"]

1. e4 c5 2. Nf3 d6 3. d4 cxd4 4. Nxd4 Nf6 5. Nc3 a6 6. Be3 Ng4 7. Bc1 Nf6 8. Be2
e5 9. Nb3 Be7 10. Be3 Be6 11. Nd5 Bxd5 12. exd5 O-O 13. Qd2 b6 14. f3 Nbd7 15.
O-O-O Qc7 16. Kb1 Rfc8 17. c4 Bd8 18. g4 Nc5 19. Nxc5 bxc5 20. Qc2 Rab8 21. h4
Rb7 22. h5 Rcb8 23. Bc1 g6 24. Rh2 Qe7 25. Rdh1 Kf8 26. Bd3 e4 27. Bxe4 Qe5 28.
hxg6 fxg6 29. Bxg6 hxg6 30. Re2 Qd4 31. Qxg6 Ng8 32. Re8# 1-0

[Event "CHN Team Women 2016"]
[Site "Wuxi CHN"]
[Date "2016.07.31"]
[Round "5.4"]
[Board "1"]
[White "Zhou, Zirun"]
[Black "Du, Yuxin"]
[Result "1/2-1/2"]
[WhiteElo "1938"]
[BlackElo "2086"]
[WhiteTeam "Shanxi Huxiaoling"]
[BlackTeam "Shenzhen Qiyuan"]
[WhiteFideId "8610975"]
[BlackFideId "8610282"]
[EventDate "2016.07.28"]

1. e4 c6 2. d4 d5 3. Nd2 dxe4 4. Nxe4 Bf5 5. Ng3 Bg6 6. h4 h6 7. Nf3 Nd7 8. Bd3
Bxd3 9. Qxd3 e6 10. Bf4 Qa5+ 11. Bd2 Bb4 12. c3 Be7 13. c4 Qa6 14. Ne4 Ngf6 15.
Nc3 Nd5 16. Qe2 Nxc3 17. Bxc3 Bf6 18. Ne5 Nxe5 19. dxe5 Be7 20. g3 h5 21. a3 Qa4
22. Rd1 b5 23. cxb5 Qxb5 24. Rd2 Rd8 25. O-O Qxe2 26. Rxe2 Rd5 27. Rc1 Kd7 28.
Rec2 Rb8 29. f4 Rb3 30. Kf2 g6 31. Ke2 c5 32. Rd2 Kc6 33. Rcd1 a6 34. Ke3 Rb7
35. Ke4 Rbd7 36. Rd3 Rxd3 37. Rxd3 Rxd3 38. Kxd3 Kd5 39. b3 Bd8 40. Bd2 f6 41.
Bc3 fxe5 42. Bxe5 Ba5 43. Bc3 Bc7 44. Bf6 Ba5 45. Bc3 1/2-1/2

[Event "CHN Team Women 2016"]
[Site "Wuxi CHN"]
[Date "2016.07.31"]
[Round "5.4"]
[Board "2"]
[White "Xu, Yuze"]
[Black "Zhang, Xiao"]
[Result "0-1"]
[WhiteElo "1820"]
[BlackElo "1877"]
[WhiteTeam "Shenzhen Qiyuan"]
[BlackTeam "Shanxi Huxiaoling"]
[WhiteFideId "8614466"]
[BlackFideId "8610894"]
[EventDate "2016.07.28"]

1. e4 c6 2. d4 d5 3. exd5 cxd5 4. c4 Nf6 5. Nc3 Nc6 6. Bg5 Be6 7. Be2 h6 8. Bxf6
exf6 9. c5 Be7 10. a3 f5 11. Nf3 g5 12. Bb5 Bf6 13. Qa4 Qc7 14. Ne2 a6 15. Bxc6+
bxc6 16. O-O f4 17. Ne5 Bxe5 18. dxe5 Kd7 19. Nd4 Rhb8 20. Rab1 a5 21. Rfe1 Rc8
22. Qc2 a4 23. Qd3 Rh8 24. Nf5 Ra5 25. Rbc1 Rb5 26. Qc2 Qa5 27. Nd4 Rb7 28. Re2
h5 29. Qd3 Rbb8 30. f3 g4 31. Nxe6 Kxe6 32. fxg4 hxg4 33. Qd4 Qa6 34. Rf2 g3 35.
hxg3 Rh7 36. Qxf4 Rbh8 37. Qf5+ Ke7 38. Rfc2 Qc8 39. Qxc8 Rxc8 40. Re2 Ke6 41.
Rd1 Rh5 42. Rde1 Rb8 43. Kf2 Rf5+ 44. Ke3 Rb3+ 45. Kd4 Rxg3 46. Re3 Rxg2 47.
R1e2 Rxe2 48. Rxe2 Rf4+ 49. Kd3 Rc4 50. Rf2 Rxc5 51. Rf6+ Kxe5 52. Rxf7 Rc4 53.
Re7+ Kd6 54. Re8 Rh4 55. Rd8+ Kc5 56. Ra8 Rh3+ 57. Kc2 Kb5 58. Rb8+ Kc5 0-1